000 01538nam a22001577a 4500
999 _c513882
_d513882
008 200915b ||||| |||| 00| 0 eng d
100 _aClair, A., Fledderjohann, J., Lalor, D., and Loopstra, R.
_917703
245 _aThe housing situations of food bank users in Great Britain
260 _aSocial Policy and Society
300 _a19(1), Jan 2020. p. 55-73
520 _aFood bank use in Great Britain has risen substantially over the last decade. The considerable socioeconomic disadvantage of the food bank user population has been documented, but little research has examined whether housing problems intersect with insecure food access. Using data from 598 households accessing assistance from twenty-four food banks operating in Great Britain in 2016–2017, we found that nearly 18 per cent of households were homeless, with more having experienced homelessness in the past twelve months. Renters from both the private and social rented sectors were also overrepresented in the sample. Households in both private and social rented housing reported high rates of rent arrears and poor conditions; those in private housing were also more likely to live in homes with damp, to have moved in past year, and to be worried about a forced move in future. Overall, housing problems are widespread among food bank users; policy interventions are needed. - Reproduced
650 _aFood Bank - United Kingdom, Food Bank - Great Britain
_917704
773 _aSocial Policy and Society
906 _aHOUSING - GREAT BRITAIN
942 _cAR